Property condition assessment: a cost effective approach (Record no. 93472)
[ view plain ]
| 000 -LEADER | |
|---|---|
| fixed length control field | 00544cam a2200205 4500 |
| 001 - CONTROL NUMBER | |
| control field | B3165 |
| 008 - FIXED-LENGTH DATA ELEMENTS--GENERAL INFORMATION | |
| fixed length control field | 090401t1990 xxu||||| |||| 00| 0 eng d |
| 035 ## - SYSTEM CONTROL NUMBER | |
| System control number | (Sirsi) u54434 |
| 041 ## - LANGUAGE CODE | |
| Language code of text/sound track or separate title | eng |
| 050 ## - LIBRARY OF CONGRESS CALL NUMBER | |
| Classification number | 690.24 |
| 100 ## - MAIN ENTRY--PERSONAL NAME | |
| Personal name | Holmes, Roy |
| 245 ## - TITLE STATEMENT | |
| Title | Property condition assessment: a cost effective approach |
| 260 ## - PUBLICATION, DISTRIBUTION, ETC. | |
| Place of publication, distribution, etc. | Ascot,Berks |
| Name of publisher, distributor, etc. | Chartered Institute of Building |
| Date of publication, distribution, etc. | 1990 |
| 300 ## - PHYSICAL DESCRIPTION | |
| Extent | 8p. ; 30cm. |
| 350 ## - PRICE (NR) (BK AM CF MU VM SE) [OBSOLETE] | |
| Price | 3 |
| 490 ## - SERIES STATEMENT | |
| Series statement | Technical Information Service |
| Volume/sequential designation | 122 |
| 650 ## - SUBJECT ADDED ENTRY--TOPICAL TERM | |
| Topical term or geographic name entry element | CONDITION SURVEYS |
| 942 ## - ADDED ENTRY ELEMENTS (KOHA) | |
| Suppress in OPAC | 0 |
| 948 ## - LOCAL PROCESSING INFORMATION (OCLC); SERIES PART DESIGNATOR (RLIN) | |
| c (OCLC) | 04/03/1997 |
| Withdrawn status | Lost status | Source of classification or shelving scheme | Damaged status | Not for loan | Home library | Current library | Shelving location | Date acquired | Cost, normal purchase price | Total Checkouts | Full call number | Barcode | Date last seen | Date last checked out | Copy number | Cost, replacement price | Price effective from | Koha item type |
|---|---|---|---|---|---|---|---|---|---|---|---|---|---|---|---|---|---|---|
| Dewey Decimal Classification | London | London | Enquiry desk | 04/11/1992 | 3.00 | 3 | BOXED SET | 30030853 | 06/08/2019 | 03/02/2005 | 1 | 3.00 | 06/08/2019 | Book |